00566nam a2200157Ia 4500008004100000040001800041041000800059100001700067245002500084260004800109300001800157500007100175505011700246650002400363650002100387130821s1979 fr gr fre  aCo-BoUCMbspa afre aHugo, Victor aTheatrecVictor Hugo aParís (Francia)bGarnier Flammarionc1979 a634 páginas aEjemplares 2 y 3 disponibles en 24 horas a partir de la solicitud. aContenido: Amy Robsart p. 39-156 -- Marion de Lorme p. 157-304 - Hernani p. 305-440 -- Le roi s'amuse p. 441-57204aLiteratura francesa04aTeatro francés